Weltkarte - Puzzlespiel - Statistiken

Allgemein
  • Dieses Quiz wurde 41.643 mal gespielt
  • Das Durchschnittsergebnis liegt bei 25 aus 75
Antworten auf der Karte
Die Antworten werden auf der Karte rot bzw. grün angezeigt, abhängig davon wie oft sie richtig erraten wurden.
 
Antwortstatistiken
Antwort % Korrekt
67%
59%
53%
50%
47%
47%
47%
46%
46%
46%
45%
45%
44%
44%
43%
42%
42%
40%
39%
39%
39%
39%
39%
38%
37%
37%
37%
37%
35%
34%
34%
34%
33%
33%
32%
32%
31%
30%
30%
30%
29%
29%
29%
29%
29%
29%
29%
28%
28%
28%
28%
27%
27%
27%
27%
27%
26%
26%
26%
26%
26%
25%
25%
25%
25%
25%
24%
24%
24%
23%
23%
22%
21%
21%
19%
Keine übereinstimmenden Quizze gefunden
Verteilung der Resultate
Anzahl Personen mit jedem Resultat
Perzentil nach korrekt beantworteten Fragen
Ihre Resultats-Entwicklung
Sie haben dieses Quiz noch nicht gespielt